000 00809nam a2200265 i 4500
001 000039581
003 DO-SdBNP
005 20231129091006.0
007 ta
008 130708s2013 dr a 000 0 spa d
020 _a9789945008067
040 _aDO-SdBNP
_bspa
_cBNPHU
_erda
082 _222
_bR696
100 _aRodríguez, Roque Leonel
_965747
245 1 0 _aDr. Roque, me negaron la visa /
_cRoque Leonel Rodríguez.
264 1 _aSanto Domingo :
_bImpresos del Caribe,
_c2013.
300 _a65 páginas
_bilustraciones
_c21 cm.
336 _2rdacontent
_atexto
_btxt
337 _2rdamedia
_asin mediación
_bn
338 _2rdacarrier
_avolumen
_bnc
590 _aLa biblioteca posee tres autografiados por el autor.
590 _aInventariado, 2023/ YL
910 _aYLockward
942 _2ddc
_cLBS1
999 _c39071
_d39071